| 000 | 00558nam a2200217Ia 4500 | ||
|---|---|---|---|
| 003 | OSt | ||
| 005 | 20220928144919.0 | ||
| 006 | a|||||r|||| 00| 0 | ||
| 007 | ta | ||
| 008 | 220927b |||||||| |||| 00| 0 eng d | ||
| 024 | _a77106 | ||
| 037 | _cTextual | ||
| 040 |
_aSDCL _cSDCL _beng |
||
| 041 |
_2eng _aeng |
||
| 082 | _aX0bW, K9 | ||
| 100 |
_aBaran Paul A _9368663 |
||
| 245 | 0 |
_aLonger view _b Essays toward a critique of political economy. |
|
| 260 | _c1969 | ||
| 942 |
_hX0bW, K9 _cTEXL _2CC |
||
| 999 |
_c830513 _d830513 |
||